000 00574nam a2200229Ia 4500
003 OSt
005 20220918195249.0
006 a|||||r|||| 00| 0
007 ta
008 220917b |||||||| |||| 00| 0 eng d
024 _a84,393
037 _cTextual
040 _aARTS
_cARTS
_beng
041 _2eng
_aeng
082 _aS8, K91
100 _aLindgren Henry Clay
_984376
245 0 _aIntroduction to social psychology
260 _c1969
650 _aSOCIAL PSYCHOLOGY
942 _hS8, K91
_cTEXL
_2CC
999 _c208107
_d208107